000
00248 a2200109 4500
001
32340
090
_c
21719
_d
21719
100
_a
Paz,Mario
245
_a
structural dynamics theory and computation, 3/e
250
_a
3
260
_a
N.Y
_b
Chapman & Hall
_c
1991
942
_a
NUST-CAE
999
_c
267413
_d
267413